000 00568nam a22001817a 4500
005 20230912130228.0
010 _aENG-137939
020 _c1025.00
_a9789357052139
035 _aEN-121471
037 _bDBAD/PUB
082 _a624
245 _a2024 Civil Engineering GATE/
260 _aNoida
_bPearson India Education Services Pvt Ltd
_c2023
270 _aIst Floor, Berger Tower, Plot No C-001A/2 Sector 16B
_bNoida
_e201301
300 _avpp.
_c28cm(pbk)
500 _aComprehensive Guide To Boost Preparation
942 _2ddc
_cEN
_h624
_mGAT
999 _c197738
_d197738